Allgemeinwissenquiz Einfach #1 - Statistiken

Allgemein
  • Dieses Quiz wurde 225 mal gespielt
  • Das Durchschnittsergebnis liegt bei 5 aus 15
Antwortstatistiken
Hint Antwort % Korrekt
Wie viele Felder hat ein Schachbrett? 64
77%
Wie viele Star Wars Filme gibt es offiziell? 12
73%
Welcher Sport gehört neben Fußball zu den größten beiden Sportarten Großbritanniens? Cricket
64%
Fußballspiel in der Schweiz (1954) Wunder von Bern
64%
Kolumbianischer Drogenbaron in den 70ern Pablo Escobar
56%
Berühmte militärische Taktik, die von der Wehrmacht mehrfach angewendet wurde Blitzkrieg
54%
Welches Land schickte den ersten schwarzen Mann ins All? Russland
49%
Welches ist das erstgegründete Land? (3200 v. Chr.) Ägypten
23%
Wie nennt man einen islamischen Herrscher? Sultan
23%
Berühmtester Opernsänger Luciano Pavarotti
20%
Häufigstes Studienfach in Deutschland Psychologie
12%
Seit wann ist Südtirol Teil von Italien? 1920
11%
Kriegsstratege Chinas, der bis heute Streitkräfte mit seinen Werken belehrt Sunzi
6%
Größter Arbeitgeber der Welt VerteidigungsministeriumUSA
2%
Entdeckte das Elektron Werner Heisenberg
1%
Keine übereinstimmenden Quizze gefunden
Verteilung der Resultate
Anzahl Personen mit jedem Resultat
Perzentil nach korrekt beantworteten Fragen
Ihre Resultats-Entwicklung
Sie haben dieses Quiz noch nicht gespielt